00339nam a22001457a 450000500170000002000180001704100120003508200160004710000160006324500460007925000070012526000420013230000080017436500110018220260619144016.0 a9789362606433 aEnglish aT16 R25 SEL aSelvarani R aPodhutamil - Tamizhaga Varalarum Panpadum a01 aChennaibCharulatha Pathippagamc2025 a200 b160.00